000 00432nam a2200157 4500
001 116167
003 ES-MaACL
005 20230906190641.0
007 t|
008 061121s1943 sp r ||||1| spa d
100 0 _aParís Eguilaz, Higinio.
_989148
245 1 0 _aPolítica económica nacional /
_cHiginio Paris Eguilaz.
260 _aMadrid :
_bRuta,
_c1943.
300 _a73 p. ;
_c22 cm.
852 _aES-MaACL
_jC-9249
_bR.36360
999 _c116167
_d116167